[Event "DLM 2007"]
[Site "Verden/Aller GER"]
[Date "2007.10.01"]
[Round "4"]
[White "Müller, Denis"]
[Black "Endress, Anna"]
[Result "0-1"]
[Termination "normal"]
[Board "4.4"]
[WhiteElo "1810"]
[BlackElo "1967"]
[WhiteTeam "Saarland"]
[BlackTeam "Rheinland-Pfalz"]
[PlyCount "74"]
[WhiteFideId "4696140"]
[BlackFideId "24629472"]
[EventCountry "GER"]
[EventRounds "7"]
[EventType "team-swiss"]
[EventDate "2007.09.28"]

1. e4 c5 2. Nf3 e6 3. d4 cxd4 4. Nxd4 a6 5. c4 Nc6 6. Be3 Nf6 7. Nc3 d6 8. Be2
Be7 9. O-O O-O 10. Qd2 Ne5 11. f3 Qc7 12. Rac1 b6 13. Rfd1 Bb7 14. b3 Rfd8 15.
Bf1 Rac8 16. Qf2 d5 17. cxd5 Neg4 18. fxg4 Nxg4 19. Qf4 Bg5 20. Qxg4 Bxe3+ 21.
Kh1 Bxc1 22. Rxc1 Qe5 23. Nf3 Qf6 24. Qg5 Qxg5 25. Nxg5 exd5 26. exd5 Rxd5 27.
Nge4 b5 28. a3 f5 29. Ng3 Rdc5 30. Nge2 Bd5 31. Nxd5 Rxc1 32. Kg1 Rxf1+ 33.
Kxf1 Kf7 34. Nec3 g5 35. Ke2 Ke6 36. g3 Ke5 37. h3 Rc5 0-1

[Event "DLM 2007"]
[Site "Verden/Aller GER"]
[Date "2007.10.01"]
[Round "4"]
[White "Grünter, Martin"]
[Black "Wilhelm, Robin"]
[Result "1-0"]
[Termination "normal"]
[Board "4.5"]
[WhiteElo "1952"]
[BlackElo "1549"]
[WhiteTeam "Rheinland-Pfalz"]
[BlackTeam "Saarland"]
[PlyCount "115"]
[WhiteFideId "24640352"]
[BlackFideId "4659627"]
[EventCountry "GER"]
[EventRounds "7"]
[EventType "team-swiss"]
[EventDate "2007.09.28"]

1. e4 c5 2. c3 Nc6 3. d4 cxd4 4. cxd4 e6 5. Nf3 Nf6 6. Nc3 Bb4 7. Bd3 b6 8. O-O
Bb7 9. a3 Be7 10. Re1 Qc7 11. Bd2 O-O 12. Rc1 a6 13. Bg5 h6 14. Bh4 e5 15. d5
Nd4 16. Nxd4 exd4 17. Ne2 Qd8 18. Bg3 Ne8 19. Nxd4 Bd6 20. Qg4 Bxg3 21. Qxg3 d6
22. Nf5 Qf6 23. Rc2 Bc8 24. Ne3 Bd7 25. Rec1 b5 26. Be2 g6 27. Bg4 Bxg4 28.
Nxg4 Qg5 29. f4 Qe7 30. Re1 h5 31. Nf2 Nf6 32. f5 Kh7 33. fxg6+ fxg6 34. Rce2
Nd7 35. Nh3 Ne5 36. Ng5+ Kh6 37. h4 Rf6 38. Ne6 Ng4 39. Qc3 Qa7+ 40. Qd4 Qxd4+
41. Nxd4 Ne5 42. Rf1 Rxf1+ 43. Kxf1 Rf8+ 44. Kg1 Rf4 45. g3 Rg4 46. Kg2 g5 47.
Nf5+ Kg6 48. hxg5 Nc4 49. b3 Nxa3 50. Nxd6 Rxg5 51. Kf3 Kf6 52. Ra2 b4 53. Nb7
Ke5 54. Nd8 Rg6 55. Nc6+ Kd6 56. Nxb4 Kc5 57. Nd3+ Kd4 58. Nf4 1-0

[Event "DLM 2007"]
[Site "Verden/Aller GER"]
[Date "2007.10.01"]
[Round "4"]
[White "Freis, Katrin"]
[Black "Eimer, Christina"]
[Result "0-1"]
[Termination "normal"]
[Board "4.8"]
[WhiteElo "1047"]
[BlackElo "1077"]
[WhiteTeam "Saarland"]
[BlackTeam "Rheinland-Pfalz"]
[PlyCount "92"]
[WhiteFideId "24655783"]
[BlackFideId "24655767"]
[EventCountry "GER"]
[EventRounds "7"]
[EventType "team-swiss"]
[EventDate "2007.09.28"]

1. e4 e6 2. Nf3 d5 3. exd5 exd5 4. Qe2+ Be7 5. g3 Nf6 6. Bg2 O-O 7. O-O Bg4 8.
Nc3 c6 9. d3 Nbd7 10. Re1 Re8 11. Be3 Bc5 12. Qd2 Bxf3 13. Bxf3 d4 14. b4 dxe3
15. fxe3 Bxb4 16. Rab1 Bd6 17. Rxb7 Nc5 18. Rbb1 Qc7 19. Qg2 Rac8 20. d4 Ncd7
21. Ne4 c5 22. Nxf6+ Nxf6 23. Rb7 Qa5 24. Ra1 Qc3 25. Rb3 Qxa1+ 26. Qf1 Qxf1+
27. Kxf1 cxd4 28. exd4 Rxc2 29. h4 Bxg3 30. Rb1 Rf2+ 31. Kg1 Rxf3 32. Kg2 Rd3
33. Rc1 g6 34. a4 Re2+ 35. Kf1 Rf2+ 36. Kg1 Bxh4 37. a5 Rf4 38. Kg2 Rg3+ 39.
Kh2 Ng4+ 40. Kh1 Ne3 41. d5 Rf1+ 42. Rxf1 Nxf1 43. d6 Nd2 44. d7 Nf3 45. d8=Q+
Bxd8 46. a6 Rg1# 0-1

[Event "DLM 2007"]
[Site "Verden/Aller GER"]
[Date "2007.10.01"]
[Round "4"]
[White "Friedrich, Paul-Robert"]
[Black "Bracker, Frank"]
[Result "1-0"]
[Termination "normal"]
[Board "5.1"]
[WhiteElo "2060"]
[BlackElo "2198"]
[WhiteTeam "Mecklenburg-Vorpommern"]
[BlackTeam "Hamburg"]
[PlyCount "89"]
[WhiteFideId "24616036"]
[BlackFideId "24614343"]
[EventCountry "GER"]
[EventRounds "7"]
[EventType "team-swiss"]
[EventDate "2007.09.28"]

1. d4 Nf6 2. c4 c5 3. d5 e6 4. Nc3 exd5 5. cxd5 d6 6. Nf3 g6 7. Nd2 Nbd7 8. Nc4
Nb6 9. e4 Nxc4 10. Bxc4 Bg7 11. O-O O-O 12. Bg5 a6 13. f4 Qe8 14. Re1 b5 15. e5
dxe5 16. Rxe5 Qd7 17. Be2 Bb7 18. Bf3 Qd6 19. Qe2 Rac8 20. Rd1 b4 21. Ne4 Nxe4
22. Be7 Bxe5 23. Bxd6 Bxd6 24. Bxe4 c4 25. Rc1 a5 26. Kf2 Ba6 27. f5 Rfe8 28.
Qf3 Be5 29. Rc2 a4 30. f6 b3 31. axb3 axb3 32. Rc3 Rb8 33. g4 Bxc3 34. bxc3 b2
35. Bb1 h6 36. h4 Bc8 37. h5 Kh7 38. Qf4 Rb6 39. hxg6+ fxg6 40. f7 Rf8 41. Qxc4
Rb7 42. Qe4 Rbxf7+ 43. Kg3 Rf2 44. Qxg6+ Kh8 45. Qh7# 1-0

[Event "DLM 2007"]
[Site "Verden/Aller GER"]
[Date "2007.10.01"]
[Round "4"]
[White "Möller, Hendrik"]
[Black "Kesten, Sebastian"]
[Result "0-1"]
[Termination "normal"]
[Board "5.2"]
[WhiteElo "2175"]
[BlackElo "2054"]
[WhiteTeam "Hamburg"]
[BlackTeam "Mecklenburg-Vorpommern"]
[PlyCount "124"]
[WhiteFideId "24604917"]
[BlackFideId "24616214"]
[EventCountry "GER"]
[EventRounds "7"]
[EventType "team-swiss"]
[EventDate "2007.09.28"]

1. e4 c5 2. Nf3 Nc6 3. d4 cxd4 4. Nxd4 e5 5. Nb5 a6 6. Nd6+ Bxd6 7. Qxd6 Qf6 8.
Qxf6 Nxf6 9. Nc3 Nb4 10. Kd2 d6 11. a3 Nc6 12. f3 Be6 13. Bd3 Ke7 14. Ke2 h6
15. Kf2 Na5 16. b3 Rac8 17. Bb2 Rc7 18. Rhe1 Rhc8 19. Nd1 Rxc2+ 20. Bxc2 Rxc2+
21. Re2 Rxe2+ 22. Kxe2 Nxb3 23. Rb1 Nd7 24. Ne3 Ndc5 25. Bc3 b5 26. g4 g6 27.
Rd1 Na4 28. Bb4 Nd4+ 29. Kf2 Nc5 30. Nd5+ Bxd5 31. exd5 Ncb3 32. h4 a5 33. Bc3
Nc2 34. Bb2 a4 35. Rd3 b4 36. axb4 Nxb4 37. Rd1 Nc2 38. f4 exf4 39. Kf3 a3 40.
Bg7 a2 41. Kxf4 f6 42. g5 hxg5+ 43. hxg5 a1=Q 44. Bxf6+ Qxf6+ 45. gxf6+ Kxf6
46. Rb1 Nc5 47. Rb6 g5+ 48. Kg4 Ne3+ 49. Kh5 Ne4 50. Rb4 Ke5 51. Rb8 Nxd5 52.
Kg4 Ndf6+ 53. Kf3 g4+ 54. Ke3 d5 55. Rb5 Nd6 56. Rc5 Nf5+ 57. Kd3 Kf4 58. Rc6
Ne4 59. Rc1 Kf3 60. Rf1+ Nf2+ 61. Kc3 g3 62. Rg1 g2 0-1

[Event "DLM 2007"]
[Site "Verden/Aller GER"]
[Date "2007.10.01"]
[Round "4"]
[White "Stemmler, Lysan"]
[Black "Chin, Karin"]
[Result "1-0"]
[Termination "normal"]
[Board "5.3"]
[WhiteElo "1832"]
[BlackElo "2053"]
[WhiteTeam "Mecklenburg-Vorpommern"]
[BlackTeam "Hamburg"]
[PlyCount "85"]
[WhiteFideId "24622451"]
[BlackFideId "24608157"]
[EventCountry "GER"]
[EventRounds "7"]
[EventType "team-swiss"]
[EventDate "2007.09.28"]

1. e4 c5 2. c3 Nf6 3. e5 Nd5 4. d4 cxd4 5. Nf3 e6 6. cxd4 b6 7. Bc4 Ba6 8. Bxa6
Nxa6 9. O-O Be7 10. Nc3 Nac7 11. Be3 O-O 12. Qb3 Rc8 13. a4 a6 14. Rac1 d6 15.
Ne4 dxe5 16. dxe5 Nxe3 17. Qxe3 Nd5 18. Qb3 Qd7 19. h3 Rc7 20. Rc4 Rfc8 21.
Rfc1 h6 22. Nd4 Nf4 23. Rxc7 Rxc7 24. Rxc7 Qxc7 25. Qe3 Qc4 26. Qxf4 Qxa4 27.
Kh2 Qd7 28. Nf3 b5 29. Qg4 Kf8 30. Qf4 Kg8 31. Qd2 Qc6 32. Nd6 f6 33. Qd3 Kf8
34. Ne4 Kg8 35. exf6 gxf6 36. Ng3 Kg7 37. Nh5+ Kf7 38. Qh7+ Ke8 39. Qh8+ Kd7
40. Nxf6+ Kc7 41. Qxh6 Qc2 42. Qg7 Kd6 43. Qg3+ 1-0

[Event "DLM 2007"]
[Site "Verden/Aller GER"]
[Date "2007.10.01"]
[Round "4"]
[White "Moshtael, Wesal"]
[Black "Hingst, Silke"]
[Result "1-0"]
[Termination "normal"]
[Board "5.4"]
[WhiteElo "2113"]
[BlackElo "1552"]
[WhiteTeam "Hamburg"]
[BlackTeam "Mecklenburg-Vorpommern"]
[PlyCount "44"]
[WhiteFideId "24618551"]
[BlackFideId "4624564"]
[EventCountry "GER"]
[EventRounds "7"]
[EventType "team-swiss"]
[EventDate "2007.09.28"]

1. Nf3 f5 2. g3 Nf6 3. Bg2 g6 4. O-O Bg7 5. d4 O-O 6. c4 d6 7. Nc3 c6 8. b3 Qc7
9. Ba3 Re8 10. Rc1 e5 11. dxe5 dxe5 12. Bd6 Qa5 13. b4 Qb6 14. Qb3 e4 15. Ng5
c5 16. Bxc5 Qc7 17. Nb5 Qd8 18. Rfd1 Nbd7 19. Bd6 Nd5 20. h4 a6 21. c5 N7f6 22.
Rxd5 Re6 1-0

[Event "DLM 2007"]
[Site "Verden/Aller GER"]
[Date "2007.10.01"]
[Round "4"]
[White "Wolf, Christoph"]
[Black "Smolkina, Milana"]
[Result "0-1"]
[Termination "normal"]
[Board "5.5"]
[WhiteElo "1451"]
[BlackElo "1885"]
[WhiteTeam "Mecklenburg-Vorpommern"]
[BlackTeam "Hamburg"]
[PlyCount "62"]
[WhiteFideId "24650633"]
[BlackFideId "24618780"]
[EventCountry "GER"]
[EventRounds "7"]
[EventType "team-swiss"]
[EventDate "2007.09.28"]

1. e4 e5 2. Nc3 Nc6 3. Nf3 Nf6 4. d4 exd4 5. Nxd4 Nxd4 6. Qxd4 d6 7. Bg5 Be7 8.
O-O-O O-O 9. f4 Ne8 10. Bxe7 Qxe7 11. Kb1 Nf6 12. h3 Re8 13. Bd3 Bd7 14. g4 Bc6
15. Rde1 a6 16. g5 Nd7 17. Rhg1 Kh8 18. h4 f6 19. Nd1 f5 20. Nf2 fxe4 21. Bxe4
Nc5 22. Bxc6 Qxe1+ 23. Rxe1 Rxe1+ 24. Nd1 bxc6 25. b3 Re4 26. Qf2 Rf8 27. f5 a5
28. h5 Re5 29. Ne3 Ne4 30. Qf4 Nc3+ 31. Kb2 Rxe3 0-1

[Event "DLM 2007"]
[Site "Verden/Aller GER"]
[Date "2007.10.01"]
[Round "4"]
[White "Müller, Tobias"]
[Black "Baier, Christoph"]
[Result "1-0"]
[Termination "normal"]
[Board "5.6"]
[WhiteElo "1585"]
[BlackElo "1479"]
[WhiteTeam "Hamburg"]
[BlackTeam "Mecklenburg-Vorpommern"]
[PlyCount "95"]
[WhiteFideId "24643394"]
[BlackFideId "24655759"]
[EventCountry "GER"]
[EventRounds "7"]
[EventType "team-swiss"]
[EventDate "2007.09.28"]

1. c4 Nf6 2. g3 g6 3. Bg2 Bg7 4. Nc3 O-O 5. d4 d6 6. e4 c5 7. d5 e6 8. Nf3 exd5
9. exd5 Re8+ 10. Ne2 Qe7 11. h3 Nbd7 12. Be3 Nb6 13. Rc1 Bf5 14. O-O Rad8 15.
b3 h6 16. Nc3 Ne4 17. Nxe4 Bxe4 18. Qd2 Kh7 19. Rfe1 Qd7 20. Kh2 Nc8 21. Nh4
Bxg2 22. Kxg2 Ne7 23. b4 b6 24. bxc5 bxc5 25. Qa5 Rb8 26. Rb1 g5 27. Nf3 Nf5
28. Bd2 Rxe1 29. Rxb8 Re2 30. Qa3 Nd4 31. Nxd4 Rxd2 32. Nf3 Rd1 33. Qb3 Rc1 34.
Rb7 Qf5 35. Rxa7 Rc3 36. Qd1 Rxc4 37. Rxf7 Qe4 38. Kg1 Rc3 39. Qa1 Kg6 40.
Rxg7+ Kxg7 41. Qxc3+ Kg6 42. Ne1 Kf7 43. Qf3+ Qxf3 44. Nxf3 Ke7 45. Kf1 Kd7 46.
h4 g4 47. Nh2 h5 48. f3 1-0

[Event "DLM 2007"]
[Site "Verden/Aller GER"]
[Date "2007.10.01"]
[Round "4"]
[White "Schreiber, Kevin"]
[Black "Pfeiffer, Daniel"]
[Result "0-1"]
[Termination "normal"]
[Board "5.7"]
[WhiteElo "1272"]
[BlackElo "1726"]
[WhiteTeam "Mecklenburg-Vorpommern"]
[BlackTeam "Hamburg"]
[PlyCount "74"]
[WhiteFideId "24655830"]
[BlackFideId "24641960"]
[EventCountry "GER"]
[EventRounds "7"]
[EventType "team-swiss"]
[EventDate "2007.09.28"]

1. d4 Nf6 2. e3 g6 3. f4 d5 4. Nf3 Nc6 5. Be2 Bg7 6. O-O Bf5 7. c3 O-O 8. Bd2
a5 9. Be1 a4 10. Bb5 Na5 11. Nbd2 Bd7 12. Be2 b5 13. Ne5 Nc4 14. Ndxc4 bxc4 15.
Nxd7 Qxd7 16. Bh4 Qe6 17. Kf2 Ne4+ 18. Kg1 a3 19. Qc2 Bf6 20. Be1 axb2 21. Qxb2
Rfb8 22. Qc2 Ra3 23. Bf3 Nxc3 24. Qc1 Nb5 25. Bf2 Rba8 26. Qd2 c6 27. Rfe1 Nc3
28. Rec1 Ne4 29. Bxe4 Qxe4 30. Qb2 c5 31. Kf1 cxd4 32. exd4 Qxf4 33. g3 Qf3 34.
Ke1 R8a6 35. Rc3 Re6+ 36. Kf1 Qh1+ 37. Bg1 Bxd4 0-1

[Event "DLM 2007"]
[Site "Verden/Aller GER"]
[Date "2007.10.01"]
[Round "4"]
[White "Ludwig, Maria"]
[Black "Richter, Jannina"]
[Result "0-1"]
[Termination "normal"]
[Board "5.8"]
[WhiteElo "754"]
[BlackElo "1158"]
[WhiteTeam "Hamburg"]
[BlackTeam "Mecklenburg-Vorpommern"]
[PlyCount "140"]
[WhiteFideId "24655791"]
[EventCountry "GER"]
[EventRounds "7"]
[EventType "team-swiss"]
[EventDate "2007.09.28"]

1. e4 e5 2. Nf3 Nc6 3. Bc4 Bc5 4. Nc3 d6 5. d3 Na5 6. Bd5 c6 7. Bxf7+ Kxf7 8.
Ng5+ Ke8 9. Bd2 b5 10. Qf3 Nf6 11. Ne2 Bg4 12. Qg3 Nb7 13. O-O-O Qe7 14. f3 Bd7
15. f4 a5 16. h4 Bg4 17. Rde1 b4 18. Qh2 a4 19. Ng3 b3 20. Kb1 bxa2+ 21. Kxa2
Be6+ 22. Kb1 a3 23. Bc3 axb2 24. Bxb2 Bd4 25. Bxd4 exd4 26. Nf5 Ba2+ 27. Kc1
Qc7 28. Ne6 Bxe6 29. Qg3 g6 30. Qg5 Rf8 31. Qh6 Ra1+ 32. Kd2 Rxe1 33. Rxe1 Rg8
34. e5 Qa5+ 35. Kd1 Qa1+ 36. Kd2 Qa5+ 37. Kd1 Kd8 38. exf6 Qxf5 39. Qxh7 Qh5+
40. Qxh5 gxh5 41. Rxe6 Rf8 42. g4 hxg4 43. Ke1 Rf7 44. h5 Kd7 45. Re2 Rxf6 46.
Rh2 Rh6 47. f5 Ke7 48. Kf2 Kf6 49. Rh4 Kxf5 50. Kg3 Nc5 51. Kg2 Na4 52. Kg3 c5
53. Kf2 Nc3 54. Kg2 Nb1 55. Kg3 Na3 56. c4 Nc2 57. Rh2 Nb4 58. Kf2 Nxd3+ 59.
Ke2 Ne5 60. Kf2 Nxc4 61. Kg3 d3 62. Kh4 d2 63. Rh1 Nb2 64. Rb1 d1=Q 65. Rxd1
Nxd1 66. Kg3 c4 67. Kh4 Rxh5+ 68. Kxh5 g3 69. Kh4 g2 70. Kh3 g1=Q 0-1

[Event "DLM 2007"]
[Site "Verden/Aller GER"]
[Date "2007.10.01"]
[Round "5"]
[White "Lubbe, Nikolas"]
[Black "Rehberg, Raphael"]
[Result "1-0"]
[Termination "normal"]
[Board "1.2"]
[WhiteElo "2263"]
[BlackElo "2237"]
[WhiteTeam "Niedersachsen I"]
[BlackTeam "Nordrhein-Westfalen"]
[PlyCount "107"]
[WhiteFideId "4694031"]
[BlackFideId "4686799"]
[EventCountry "GER"]
[EventRounds "7"]
[EventType "team-swiss"]
[EventDate "2007.09.28"]

1. e4 d6 2. d4 Nf6 3. Nc3 e5 4. dxe5 dxe5 5. Qxd8+ Kxd8 6. Bc4 Be6 7. Bxe6 fxe6
8. Be3 Bd6 9. Nge2 Ke7 10. f3 a6 11. Nc1 Nbd7 12. a3 b5 13. Nb3 c5 14. Ke2 Rhc8
15. Rhd1 Rab8 16. Na5 c4 17. Na2 Bc5 18. Nb4 Rb6 19. b3 Bxe3 20. Kxe3 Nb8 21.
Rab1 Rc5 22. Rd2 cxb3 23. cxb3 Ne8 24. Rdd1 Nd7 25. Rdc1 Nd6 26. Rxc5 Nxc5 27.
Rc1 Ncb7 28. Nxb7 Nxb7 29. Rc7+ Kf6 30. Nd3 a5 31. g3 h6 32. f4 exf4+ 33. gxf4
Nd8 34. Rd7 Rb8 35. Ne5 Rc8 36. h4 g5 37. h5 Rc3+ 38. Kd4 Rg3 39. Rxd8 gxf4 40.
Rf8+ Kg7 41. Rf7+ Kg8 42. Rxf4 Rxb3 43. Rf3 Rb1 44. Nc6 b4 45. Nxa5 bxa3 46.
Rxa3 Rh1 47. Ke5 Kf7 48. Nc6 Rxh5+ 49. Kd6 Rh4 50. e5 Rh1 51. Rf3+ Ke8 52. Kxe6
h5 53. Rg3 Kf8 54. Ne7 1-0

[Event "DLM 2007"]
[Site "Verden/Aller GER"]
[Date "2007.10.01"]
[Round "5"]
[White "Tkachuk, Konstantyn"]
[Black "Kaphle, Stephan"]
[Result "1-0"]
[Termination "normal"]
[Board "1.3"]
[WhiteElo "2141"]
[BlackElo "2156"]
[WhiteTeam "Nordrhein-Westfalen"]
[BlackTeam "Niedersachsen I"]
[PlyCount "51"]
[WhiteFideId "24647330"]
[BlackFideId "24629103"]
[EventCountry "GER"]
[EventRounds "7"]
[EventType "team-swiss"]
[EventDate "2007.09.28"]

1. e4 c5 2. Nf3 d6 3. d4 cxd4 4. Nxd4 Nf6 5. Nc3 a6 6. Bc4 e6 7. Bb3 Nbd7 8.
Be3 Nc5 9. f3 Be7 10. Qd2 O-O 11. g4 Qc7 12. g5 Nfd7 13. O-O-O b5 14. h4 Bb7
15. h5 Nxb3+ 16. axb3 b4 17. Na4 d5 18. g6 Qe5 19. gxh7+ Kh8 20. Bf4 Qf6 21.
Rdg1 Bc5 22. Nxc5 Nxc5 23. e5 Qe7 24. Bh6 gxh6 25. Qxh6 f6 26. Rg8+ 1-0

[Event "DLM 2007"]
[Site "Verden/Aller GER"]
[Date "2007.10.01"]
[Round "5"]
[White "Seemann, Semjon"]
[Black "Kotainy, Jens"]
[Result "0-1"]
[Termination "normal"]
[Board "1.4"]
[WhiteElo "2010"]
[BlackElo "2032"]
[WhiteTeam "Niedersachsen I"]
[BlackTeam "Nordrhein-Westfalen"]
[PlyCount "74"]
[WhiteFideId "24624080"]
[BlackFideId "24670499"]
[EventCountry "GER"]
[EventRounds "7"]
[EventType "team-swiss"]
[EventDate "2007.09.28"]

1. e4 e6 2. d4 d5 3. exd5 exd5 4. c4 Nf6 5. Nc3 Be7 6. Nf3 O-O 7. Be2 dxc4 8.
Bxc4 Bg4 9. Be3 Nc6 10. Be2 Nd5 11. Bc1 Bb4 12. Bd2 Bxf3 13. Bxf3 Re8+ 14. Kf1
Nb6 15. a3 Bf8 16. Bf4 Bd6 17. Bxd6 Qxd6 18. Nb5 Qd7 19. g3 a6 20. Nc3 Rad8 21.
Ne2 Qf5 22. Kg2 Ne5 23. Nf4 g5 24. Nh5 g4 25. Bxg4 Nxg4 26. Qxg4+ Qxg4 27. Nf6+
Kg7 28. Nxg4 Rxd4 29. Ne3 Rd2 30. Kf3 Rxb2 31. Rac1 Rb3 32. Rxc7 Nd5 33. Rd7
Nxe3 34. fxe3 Rexe3+ 35. Kg4 Re4+ 36. Kf5 Ra4 37. Rc1 Rb5+ 0-1

[Event "DLM 2007"]
[Site "Verden/Aller GER"]
[Date "2007.10.01"]
[Round "5"]
[White "Blübaum, Johanna"]
[Black "Kaphle, Sebastian"]
[Result "0-1"]
[Termination "normal"]
[Board "1.5"]
[WhiteElo "1946"]
[BlackElo "2041"]
[WhiteTeam "Nordrhein-Westfalen"]
[BlackTeam "Niedersachsen I"]
[PlyCount "64"]
[WhiteFideId "24647373"]
[BlackFideId "24626708"]
[EventCountry "GER"]
[EventRounds "7"]
[EventType "team-swiss"]
[EventDate "2007.09.28"]

1. d4 Nf6 2. c4 c5 3. d5 e6 4. Nc3 exd5 5. cxd5 d6 6. e4 g6 7. Nf3 Bg7 8. h3
O-O 9. Bd3 Nbd7 10. Bf4 Re8 11. O-O c4 12. Bc2 Nc5 13. Re1 b6 14. Nd4 Nh5 15.
Bh2 Bb7 16. Ncb5 Be5 17. Bxe5 Rxe5 18. Nc6 Bxc6 19. dxc6 d5 20. Qd4 Qg5 21.
exd5 Nf4 22. g3 Nxh3+ 23. Kf1 Rxd5 24. Qxc4 Ne6 25. Rxe6 Rxb5 26. c7 Rc5 27.
Qe4 Rf8 28. Rc6 Qd2 29. Kg2 Qxf2+ 30. Kh1 Rh5 31. Qh4 Rxh4 32. gxh4 Qf3+ 0-1

[Event "DLM 2007"]
[Site "Verden/Aller GER"]
[Date "2007.10.01"]
[Round "5"]
[White "Günnigmann, Laura"]
[Black "Neumair, Jerome"]
[Result "1/2-1/2"]
[Termination "normal"]
[Board "1.6"]
[WhiteElo "1735"]
[BlackElo "1909"]
[WhiteTeam "Niedersachsen I"]
[BlackTeam "Nordrhein-Westfalen"]
[PlyCount "58"]
[BlackFideId "24672637"]
[EventCountry "GER"]
[EventRounds "7"]
[EventType "team-swiss"]
[EventDate "2007.09.28"]

1. e4 e6 2. d4 d5 3. Nc3 Nf6 4. e5 Nfd7 5. Nce2 c5 6. c3 Nc6 7. f4 f6 8. Nf3
Qb6 9. g3 cxd4 10. Nexd4 Nxd4 11. Nxd4 Bc5 12. Bh3 Bxd4 13. cxd4 O-O 14. Qb3
Qxb3 15. Bxe6+ Kh8 16. axb3 Nxe5 17. Bxd5 Nc6 18. Bxc6 bxc6 19. Kf2 Kg8 20. Bd2
Be6 21. b4 Rfd8 22. Bc3 Kf7 23. Rhe1 Bc4 24. Re3 Bd5 25. Rae1 Rd7 26. Kg1 h5
27. Kf2 Rb8 28. R1e2 Bc4 29. Re1 Bd5 1/2-1/2

[Event "DLM 2007"]
[Site "Verden/Aller GER"]
[Date "2007.10.01"]
[Round "5"]
[White "Strößner, Lena"]
[Black "Düssler, Stefanie"]
[Result "1-0"]
[Termination "normal"]
[Board "1.7"]
[WhiteElo "1744"]
[BlackElo "1493"]
[WhiteTeam "Nordrhein-Westfalen"]
[BlackTeam "Niedersachsen I"]
[PlyCount "59"]
[WhiteFideId "4623525"]
[BlackFideId "4634780"]
[EventCountry "GER"]
[EventRounds "7"]
[EventType "team-swiss"]
[EventDate "2007.09.28"]

1. Nf3 d5 2. d4 Nf6 3. c4 e6 4. g3 c5 5. cxd5 exd5 6. Bg2 Be7 7. Nc3 Be6 8. O-O
O-O 9. e3 Nc6 10. dxc5 Bxc5 11. Ne2 Qd7 12. a3 Rfd8 13. Ned4 Rac8 14. Nxc6 Qxc6
15. b4 Bb6 16. Bb2 Ne4 17. Rc1 Qd7 18. Nd4 Rxc1 19. Qxc1 Rc8 20. Qa1 Nd2 21.
Rd1 Nc4 22. Nxe6 fxe6 23. Bh3 Nxb2 24. Qxb2 Qf7 25. Rxd5 exd5 26. Bxc8 Bd8 27.
Qe5 Bc7 28. Qe6 Kf8 29. Qxf7+ Kxf7 30. Bxb7 1-0

[Event "DLM 2007"]
[Site "Verden/Aller GER"]
[Date "2007.10.01"]
[Round "5"]
[White "Rethmann, Kristin"]
[Black "Rozenfeld, Elisabeth"]
[Result "1-0"]
[Termination "normal"]
[Board "1.8"]
[WhiteElo "1363"]
[BlackElo "1491"]
[WhiteTeam "Niedersachsen I"]
[BlackTeam "Nordrhein-Westfalen"]
[PlyCount "95"]
[WhiteFideId "24655805"]
[BlackFideId "4624742"]
[EventCountry "GER"]
[EventRounds "7"]
[EventType "team-swiss"]
[EventDate "2007.09.28"]

1. e4 e5 2. Bc4 Nf6 3. d3 Nc6 4. Nc3 d6 5. Nf3 Bg4 6. h3 Bh5 7. g4 Bg6 8. Be3
Be7 9. Qd2 Qd7 10. O-O-O O-O-O 11. Ng1 h6 12. f3 Kb8 13. a3 h5 14. Nge2 Nh7 15.
d4 exd4 16. Nxd4 Bf6 17. Bb5 Bxd4 18. Bxd4 f6 19. Bf2 Ng5 20. Qe3 a6 21. Ba4
hxg4 22. hxg4 Nh3 23. Bg3 Rh7 24. Rh2 Rdh8 25. Rdh1 Ng5 26. Rxh7 Rxh7 27. Rxh7
Bxh7 28. Nd5 Ne6 29. Bf2 Ned8 30. Nb4 Bg6 31. Nxc6+ Nxc6 32. Bxc6 Qxc6 33. Qa7+
Kc8 34. Qa8+ Kd7 35. Qg8 Ke7 36. Qxg7+ Bf7 37. Bh4 Qd7 38. Qxf6+ Kf8 39. Qh6+
Kg8 40. Bf6 Bc4 41. Qh8+ Kf7 42. Qg7+ Ke6 43. Qg8+ Kxf6 44. Qxc4 Qh7 45. Qd4+
Ke6 46. Qd5+ Kd7 47. Qf5+ Qxf5 48. exf5 1-0

[Event "DLM 2007"]
[Site "Verden/Aller GER"]
[Date "2007.10.01"]
[Round "5"]
[White "Hirneise, Tobias"]
[Black "Holloway, Timo"]
[Result "1-0"]
[Termination "normal"]
[Board "2.1"]
[WhiteElo "2293"]
[BlackElo "2092"]
[WhiteTeam "Württemberg"]
[BlackTeam "Niedersachsen II"]
[PlyCount "49"]
[WhiteFideId "24600881"]
[BlackFideId "24631426"]
[EventCountry "GER"]
[EventRounds "7"]
[EventType "team-swiss"]
[EventDate "2007.09.28"]

1. e4 c5 2. Nf3 e6 3. d4 cxd4 4. Nxd4 Nc6 5. Nc3 Qc7 6. Be2 a6 7. Be3 Nf6 8. a3
b5 9. Nxc6 dxc6 10. f4 Be7 11. e5 Nd5 12. Nxd5 cxd5 13. Bd4 Bd7 14. b4 a5 15.
c3 axb4 16. axb4 O-O 17. O-O f5 18. exf6 gxf6 19. Rxa8 Rxa8 20. Bd3 f5 21. Qh5
Bf8 22. Qg5+ Kf7 23. Be2 e5 24. Bh5+ Ke6 25. fxe5 1-0

[Event "DLM 2007"]
[Site "Verden/Aller GER"]
[Date "2007.10.01"]
[Round "5"]
[White "Bradler, Stephan"]
[Black "Strunski, Andreas"]
[Result "1/2-1/2"]
[Termination "normal"]
[Board "2.2"]
[WhiteElo "1851"]
[BlackElo "2203"]
[WhiteTeam "Niedersachsen II"]
[BlackTeam "Württemberg"]
[PlyCount "96"]
[WhiteFideId "24629367"]
[BlackFideId "24606073"]
[EventCountry "GER"]
[EventRounds "7"]
[EventType "team-swiss"]
[EventDate "2007.09.28"]

1. e4 c5 2. Nf3 e6 3. d4 cxd4 4. Nxd4 a6 5. Bd3 Bc5 6. Nb3 Ba7 7. O-O Nc6 8. c4
d6 9. Nc3 Nge7 10. Qe2 O-O 11. Be3 e5 12. Rac1 Ng6 13. Nd5 a5 14. c5 a4 15. Nd2
Bxc5 16. Bxc5 dxc5 17. Rxc5 a3 18. b3 Be6 19. g3 Nd4 20. Qe3 b6 21. Rc3 Bxd5
22. exd5 Qxd5 23. Be4 Qa5 24. Bxa8 Qxc3 25. Qxc3 Ne2+ 26. Kg2 Nxc3 27. Bf3 Rd8
28. Nc4 e4 29. Bh5 b5 30. Nxa3 Ne5 31. Nb1 Nxa2 32. Rd1 Rxd1 33. Bxd1 f5 34. b4
Kf8 35. Bb3 Nxb4 36. Nc3 Nbd3 37. Nxb5 Ng4 38. f4 Nc1 39. h3 Nxb3 40. hxg4 fxg4
41. Kf2 Nc5 42. Ke3 h5 43. Kd4 Nd7 44. Kxe4 Nf6+ 45. Kf5 h4 46. gxh4 g3 47. Nd4
Kf7 48. Kg5 g6 1/2-1/2